000 00900cam a2200253 a 4500
001 14843703
005 20130313115446.0
008 070509s2008 ne a b 001 0 eng
010 _a 2007019635
020 _a9780750678629 (pbk. : alk. paper)
020 _a0750678623 (pbk. : alk. paper)
082 0 0 _a620.00452
_222
_bSMI
100 1 _aSmith, Ricky.
_932816
245 1 0 _aRules of Thumb for Maintenance and Reliability Engineers /
_cRicky Smith, R. Keith Mobley.
246 3 0 _aMaintenance and reliability engineers
260 _aAmsterdam ;
_aBoston :
_bElsevier/Butterworth-Heinemann,
_cc2008.
300 _axiii, 320 p. :
_bill. ;
_c28 cm.
504 _aIncludes bibliographical references and index.
650 0 _aSystems engineering
_xManagement.
_932817
650 0 _aReliability.
_932818
653 _bChe
_cMarch2013
700 1 _aMobley, R. Keith,
_d1943-
_932819
942 _2ddc
_cBB
999 _c17353
_d17325